000 00695nam a2200193Ia 4500
005 20191211122718.0
008 180910s9999 xx 000 0 und d
040 _aLB-BrCRDP
100 1 _aكريمي، عبد العظيم
245 1 0 _aمرتكزات التربية والديمقراطية : العقلانية والمدنية والمعنوية
260 _aبيروت
_bدار الهادي
_c2007
300 _a334 pages
500 _aالنوع : كتاب
650 4 _aDemocracy Education
650 4 _aÉducation démocratique
650 4 _aالتربية على الديمقراطية
856 _zShamaa
_uhttp://search.shamaa.org/FullRecord?ID=27435
942 _cLAESDATA
_2ddc
999 _c21046
_d21046